000 00297nam a2200109Ia 4500
008 200302s9999 xx 000 0 und d
100 _aJames Steele
245 _aThe Architecture of Rasem Badran Narratives on People & Place
260 _bThames and Hudson Ltd.
260 _c2005
300 _a256 P.,
999 _c2598
_d2598